Online
Catalog

Dieciséis conclusiones fundamentales sobre la anexión y la guerra de la restauración (1861-1865) / (Record no. 26985)

MARC details
000 -CABECERA
campo de control de longitud fija 01128nam a2200301 i 4500
001 - NÚMERO DE CONTROL
campo de control 000027493
003 - IDENTIFICADOR DEL NÚMERO DE CONTROL
campo de control DO-SdBNP
005 - FECHA Y HORA DE LA ÚLTIMA TRANSACCIÓN
campo de control 20241111132141.0
007 - CAMPO FIJO DE DESCRIPCIÓN FÍSICA--INFORMACIÓN GENERAL
campo de control de longitud fija ta
008 - DATOS DE LONGITUD FIJA--INFORMACIÓN GENERAL
campo de control de longitud fija 110401s2005 dr abd 000 0 spa d
020 ## - NÚMERO INTERNACIONAL ESTÁNDAR DEL LIBRO
ISBN cancelado o inválido 9993432056
040 ## - FUENTE DE LA CATALOGACIÓN
Centro catalogador/agencia de origen DO-SdBNP
Lengua de catalogación spa
Centro/agencia transcriptor BNPHU
Normas de descripción rda
082 ## - NÚMERO DE LA CLASIFICACIÓN DECIMAL DEWEY
Número de clasificación 972.9304
Número de documento/Ítem A473d
Número de edición 22
100 1# - ENTRADA PRINCIPAL--NOMBRE DE PERSONA
Nombre de persona Álvarez López, Luis
Término indicativo de función/relación autor
9 (RLIN) 44998
245 10 - MENCIÓN DE TÍTULO
Título Dieciséis conclusiones fundamentales sobre la anexión y la guerra de la restauración (1861-1865) /
Mención de responsabilidad, etc. Luis Álvarez López.
264 ## - PRODUCCIÓN, PUBLICACIÓN, DISTRIBUCIÓN, FABRICACIÓN Y COPYRIGHT
Producción, publicación, distribución, fabricación y copyright Santo Domingo :
Nombre del de productor, editor, distribuidor, fabricante Argos,
Fecha de producción, publicación, distribución, fabricación o copyright 2005.
300 ## - DESCRIPCIÓN FÍSICA
Extensión 118 páginas :
Otras características físicas ilustraciones, mapa. ;
Dimensiones 22 cm.
336 ## - TIPO DE CONTENIDO
Término de tipo de contenido rdacontent
Código de tipo de contenido texto
Fuente txt
337 ## - TIPO DE MEDIO
Nombre/término del tipo de medio rdamedia
Código del tipo de medio sin mediación
Fuente n
338 ## - TIPO DE SOPORTE
Nombre/término del tipo de soporte rdacarrier
Código del tipo de soporte volumen
Fuente nc
504 ## - NOTA DE BIBLIOGRAFÍA, ETC.
Nota de bibliografía, etc. Incluye referencias bibliográficas y notas al pie de las páginas.
504 ## - NOTA DE BIBLIOGRAFÍA, ETC.
Nota de bibliografía, etc. Bibliografía : p. 83-89
590 ## - NOTA LOCAL (RLIN)
Nota local Inventariado, 2024/DG
651 #4 - PUNTO DE ACCESO ADICIONAL DE MATERIA--NOMBRE GEOGRÁFICO
Nombre geográfico República Dominicana
Subdivisión general Historia
Subdivisión cronológica ANEXIÓN A ESPAÑA, 1861-1865
9 (RLIN) 139
651 #0 - PUNTO DE ACCESO ADICIONAL DE MATERIA--NOMBRE GEOGRÁFICO
Nombre geográfico REPÚBLICA DOMINICANA
Subdivisión general HISTORIA
Subdivisión cronológica RESTAURACIÓN 1863-1865
9 (RLIN) 896
910 ## - DATOS DE OPCIÓN DEL USUARIO (OCLC)
Datos de opción del usuario Validado. Control de calidad BNPHU
942 ## - ELEMENTOS DE PUNTO DE ACCESO ADICIONAL (KOHA)
Fuente del sistema de clasificación o colocación Dewey Decimal Classification
Tipo de ítem Koha Libro
Holdings
Estado de retiro Estado de pérdida Restricciones de uso No para préstamo Código de colección Localización permanente Ubicación/localización actual Ubicación en estantería Fecha de adquisición Número de inventario Total de préstamos Signatura topográfica completa Código de barras Fecha visto por última vez Número de copia Precio válido a partir de Tipo de ítem Koha Fuente del sistema de clasificación o colocación Fuente de adquisición Nota pública
    Préstamo en sala   Dominicana de Servicio Biblioteca Nacional Pedro Henríquez Ureña Biblioteca Nacional Pedro Henríquez Ureña En catalogación 11.11.2024     BNPHU DS 972.9304 A473d 2024-6353 11.11.2024 e.4 11.11.2024 Libro Dewey Decimal Classification Donado por la Presidencia de la República Dominicana 2023 Pertenecio a la biblioteca personal de Emilio Cordero Michel
        Dominicana de Servicio General General Depósito 25.04.2011 LF1   972.9304 A473d 27493-30 25.06.2020 e. 3 25.06.2020 Libro y Folleto Colección Dominicana de Servicio      
      Excluido de préstamo Patrimonio Dominicano Patrimonio Dominicano Patrimonio Dominicano Depósito 01.04.2011 LF1   972.9304 A473d 27493-10 25.06.2020   25.06.2020 Libro y Folleto Colección Patrimonio Dominicano      
      Excluido de préstamo Patrimonio Dominicano Patrimonio Dominicano Patrimonio Dominicano Depósito 01.04.2011 LF1   972.9304 A473d 27493-20 25.06.2020 e. 2 25.06.2020 Libro y Folleto Colección Patrimonio Dominicano      

Powered by Koha